000 01990cam a22004694i 4500
003 PE-LiUPU
005 20250731175641.0
008 150706s r 000 0 d
020 _a9781424011544
035 _a(Sirsi) i9781424011544
040 _aPE-LiUPU
_bspa
_cPE-LiUPU
_erda
049 _aPRUA
082 0 4 _a428.0786
_bFRL
_221
110 2 _aNational Geographic.
245 1 4 _aThe giant's causeway /
_cRob Waring, editor de serie.
264 1 _aBoston, Mass. :
_bHeinle,
_c2008.
300 _a24 páginas :
_bilustraciones ;
_c21 cm.
336 _atext
_2rdacontent
337 _aunmediated
_2rdamedia
338 _avolume
_2rdacarrier
490 0 _aFootprint reading library. Pre-Intermediate A2
505 0 _aLectura en ingles de "La Calzada del Gigante".
526 _aP145
526 _aP127
526 _aP97
526 _aP35
526 _aP14
526 _aP07
541 _g002-0046574;
541 _g002-0050802;
650 2 4 _aTerraplenes.
650 1 4 _aInglés
_vLibros de lectura para nuevos lectores.
700 1 _aWaring, Rob,
_eed.
910 _agl
_bjv
_cng
_d20120514
942 _2ddc
_cBOOK
949 _a428.0786 FRL A2C
_wDEWEY
_c1
_i64638
_lCCODEBUL1
_mBUL
_p5.00
_r0
_sY
_tBOOK
_u2015-7-6
_xEDUCACION
_PP20
_o.STAFF. Colección General
949 _a428.0786 FRL A2C
_wDEWEY
_c2
_i67980
_lCCODEBUL1
_mBUL
_p8.00
_r0
_sY
_tBOOK
_u2015-7-6
_xEDUCACION
_PP20
_o.STAFF. Colección General
994 _aC0
_bPEPRU
596 _a1
999 _a428.0786 FRL A2C
_wDEWEY
_c53343
_i64638
_d53343
_f2021-11-8
_g5
_lCCODEBUL1
_mBUL
_p5.00
_q1
_r0
_sY
_tBOOK
_u2015-7-6
_xEDUCACION
_PP20
_0COMPRA
_o.STAFF. Colección General
999 _a428.0786 FRL A2C
_wDEWEY
_c2
_i67980
_d2018-6-5
_f2021-11-8
_g5
_lCCODEBUL1
_mBUL
_p8.00
_q2
_r0
_sY
_tBOOK
_u2015-7-6
_xEDUCACION
_PP20
_0COMPRA
_o.STAFF. Colección General
980 _81
_gALBERTO SANCHEZ Responsable de Automatización